000 00752nam a22002297a 4500
999 _c4935
_d4935
003 AR-CdUCM
008 190311b ||||| |||| 00| 0 spa d
040 _aMUNICIPALIDAD PROVINCIAL DEL CUSCO
_cBIBLIOTECA MUNICIPAL DEL CUSCO
041 _hita
082 _22ed.
_a711.1 /
_bR58
100 _aRigotti, Giorgio
_913349
245 _aUrbanismo :
_bla composición /
260 _aBarcelona :
_bLabor,
_c1967.
300 _a610 páginas;
_c26 cm.
505 _aFactores naturales -- Factores estadísticos -- Factores económicos -- Plan social -- Plan de la sede...
650 _aArquitectura
_93356
650 _aArte
_9561
650 _aUrbanismo
_94748
700 _aTraduccion : Antonio Perpiñá
_915137
942 _2ddc
_cLIBROS
945 _admma